|
|
|
|
| LEADER |
00000nab a2200000 a 4500 |
| 001 |
vtls009187876 |
| 003 |
SK-MaSNL |
| 005 |
20260303204224.0 |
| 008 |
080303c200706 xo r p 000 00slo |
| 015 |
|
|
|a SNBRB2008/02VKPO
|
| 038 |
|
|
|a SVKPOCL
|
| 040 |
|
|
|a SVKPOCL
|b slo
|c AACR2
|e AACR2
|
| 041 |
|
|
|a slo
|
| 044 |
|
|
|a xo
|c SK
|
| 080 |
|
|
|a 378.4.096(437.671.117.176)
|2 2001
|
| 080 |
|
|
|a 37-051
|2 2001
|
| 100 |
1 |
|
|a Matlovič, René,
|d 1967-
|4 aut
|9 39532
|
| 245 |
1 |
0 |
|a Vykročme v ústrety Fénixovi!
|b inauguračný prejav rektora PU prof. RNDr. Reného Matloviča, PhD., 19. novembra 2007
|
| 300 |
|
|
|a Fotogr.
|
| 610 |
2 |
7 |
|a Prešovská univerzita v Prešove
|2 svkpocl
|9 177485
|
| 773 |
0 |
|
|t Prešovská univerzita
|g Roč. XI, č. 6 (2007), s. 3-5
|
| 852 |
|
|
|a SVKPO
|b KIS3GCP
|
| 958 |
|
|
|a NB
|
| 999 |
|
|
|c 2189021
|d 2190951
|